Horseback Presidents Quiz Stats

 Plays Quiz Updated Aug 26, 2016

Also try: Kid Presidents
Challenge
Share
Tweet
Score 0/20 Timer 05:00
0 Plays Today
% Correct
George Washington
99.1%
Abraham Lincoln
98.5%
Bill Clinton
97.1%
Lyndon B. Johnson
92.4%
John F. Kennedy
91.7%
Ronald Reagan
91%
Jimmy Carter
91%
George H.W. Bush
90.1%
Teddy Roosevelt
89.2%
William H. Taft
84.8%
% Correct
Gerald Ford
83.6%
Franklin D. Roosevelt
82.1%
Andrew Jackson
66%
Ulysses S. Grant
62.4%
Zachary Taylor
59%
Warren Harding
54.8%
Calvin Coolidge
54.3%
Franklin Pierce
46.7%
Benjamin Harrison
45%
William Henry Harrison
38%

You're not logged in!

Compare scores with friends on all Sporcle quizzes.
Join for Free
OR
Log In

You Might Also Like...

Show Comments

Extras

Top Quizzes Today


Score Distribution

Your Account Isn't Verified!

In order to create a playlist on Sporcle, you need to verify the email address you used during registration. Go to your Sporcle Settings to finish the process.

Report this User

Report this user for behavior that violates our Community Guidelines.

Details: